| 000 | 00614nam a2200205Ia 4500 | ||
|---|---|---|---|
| 003 | GCL | ||
| 008 | 140319s9999 xx 000 0 ara d | ||
| 040 |
_aGCL / _cGCL |
||
| 082 | 0 | 4 |
_a301.209 _bا ك |
| 100 | 1 | _aاحمد حمروش | |
| 245 | 1 | 0 |
_aالكاتب: مجلة الثقافة الانسانية / _cاحمد حمروش |
| 300 | _a194 ص | ||
| 490 |
_aالهيئة العامة للاستعلامات _v0 |
||
| 650 | 0 | 4 | _aالتراث |
| 650 | 0 | 4 | _aالثقافة |
| 650 | 0 | 4 | _aالوعى الاجتماعى |
| 650 | 0 | 4 | _aالثقافة الذاتية |
| 650 | 0 | 4 | _aالمعرفة |
| 942 |
_2ddc _cBK |
||
| 999 |
_c51579 _d51579 |
||